000 00499nam a2200193Ia 4500
008 140306s9999 xx 000 0 und d
020 _a9.7804394517e+012
050 _aPZ 8.3
_b.M127Pi 1994
100 _aMaccarone, Grace
245 _aPizza Party ! /
_cGrace Maccarone
260 _aUSA :
_bScholastic Inc,
_cc1994.
300 _a30 p. :
_bcol. Ill. ;
_c18 cm.
521 _aG1
526 _cBR
650 _aPizza
_xFiction.
650 _aStories in rhyme.
942 _cBK
999 _c42868
_d42868